[Event "Northern California International"]
[Site "?"]
[Date "2012.01.04"]
[Round "4"]
[White "Gurevich, Daniel"]
[Black "Iyengar, Udit"]
[Result "1-0"]
[WhiteElo "2192"]
[BlackElo "1991"]
[PlyCount "63"]
[SourceDate "2012.01.05"]

1. e4 c5 2. Nf3 e6 3. d4 cxd4 4. Nxd4 Nf6 5. Nc3 Nc6 6. Ndb5 Bc5 7. Bf4 O-O 8.
Be2 a6 9. Nd6 b5 10. O-O Qe7 11. e5 Ne8 12. Nde4 Bd4 13. Bg5 Qb4 14. a4 Nxe5
15. axb5 f6 16. Ra4 Bxc3 17. Rxb4 Bxb4 18. Bd2 Be7 19. f4 Nf7 20. bxa6 d5 21.
Nc3 Bxa6 22. Bxa6 Rxa6 23. Qe2 Nc7 24. Nxd5 Bc5+ 25. Be3 Nxd5 26. Bxc5 Rfa8 27.
b4 Rc6 28. c4 Nb6 29. Qe4 Rac8 30. Ra1 g6 31. Ra6 f5 32. Qf3 1-0

[Event "Northern California International"]
[Site "?"]
[Date "2012.01.04"]
[Round "4"]
[White "Inumerable, Florentino"]
[Black "Gaffagan, Steven"]
[Result "1-0"]
[WhiteElo "2154"]
[BlackElo "2071"]
[PlyCount "63"]
[SourceDate "2012.01.05"]

1. d4 Nf6 2. Nf3 e6 3. c4 b6 4. Bg5 h6 5. Bh4 Bb7 6. e3 Be7 7. Nc3 d5 8. cxd5
exd5 9. Rc1 O-O 10. Bd3 Nbd7 11. O-O Rc8 12. Nb5 c5 13. Bg3 Ne4 14. Bxe4 dxe4
15. Nd2 a6 16. Nd6 Bxd6 17. Bxd6 Re8 18. dxc5 bxc5 19. Nb3 Bc6 20. Nxc5 Nxc5
21. Bxc5 Bb5 22. Re1 Qg5 23. Bd4 h5 24. Qd2 h4 25. h3 Rcd8 26. Qb4 Rd5 27. Rc5
Red8 28. Rec1 Bd3 29. Rxd5 Qxd5 30. Rc5 Qd6 31. Qa5 Qh6 32. Qxd8+ 1-0

[Event "Northern California International"]
[Site "?"]
[Date "2012.01.04"]
[Round "4"]
[White "Ishkhanov, Tigran"]
[Black "Friedel, Josh"]
[Result "0-1"]
[WhiteElo "2350"]
[BlackElo "2523"]
[PlyCount "100"]
[SourceDate "2012.01.05"]

1. Nf3 Nf6 2. c4 e6 3. g3 d5 4. Bg2 Be7 5. O-O O-O 6. b3 c5 7. Bb2 Nc6 8. e3 b6
9. Nc3 Ba6 10. d3 Qd7 11. Qe2 Rad8 12. Rfd1 Rfe8 13. Rd2 Qc7 14. Qd1 Bb7 15.
Rc1 Qb8 16. cxd5 exd5 17. d4 Ne4 18. Nxe4 dxe4 19. Ne5 Nxe5 20. dxe5 Rxd2 21.
Qxd2 Rd8 22. Qe2 Qc8 23. Qh5 g6 24. Qh6 Qf5 25. Bc3 Bg5 26. Qh3 Qxh3 27. Bxh3
Kf8 28. b4 Be7 29. bxc5 Bxc5 30. Bf1 Ba3 31. Rb1 Bd5 32. Bb4+ Bxb4 33. Rxb4
Bxa2 34. Ra4 Rd2 35. Rxa7 Rb2 36. Kg2 Be6 37. Rb7 h5 38. h3 Ke8 39. Ba6 Kd8 40.
Bf1 Bd5 41. Ra7 g5 42. Ra4 Kc7 43. Ra7+ Kc6 44. Ra8 Be6 45. Rg8 g4 46. h4 b5
47. Rh8 b4 48. Rxh5 b3 49. Rh8 Kc7 50. h5 Rd2 0-1

[Event "Northern California International"]
[Site "?"]
[Date "2012.01.04"]
[Round "4"]
[White "Liou, Yian"]
[Black "Helfst, Matt"]
[Result "1-0"]
[WhiteElo "2283"]
[BlackElo "1943"]
[PlyCount "67"]
[SourceDate "2012.01.05"]

1. e4 e6 2. d4 d5 3. Nd2 dxe4 4. Nxe4 Bd7 5. Nf3 Bc6 6. Bd3 Nd7 7. O-O Ngf6 8.
Ned2 Be7 9. Nc4 Bb5 10. Bg5 O-O 11. Qe2 c5 12. Rad1 Qc7 13. c3 Rac8 14. Ne3
Bxd3 15. Rxd3 cxd4 16. Rxd4 Rfd8 17. Rfd1 Ne5 18. Nxe5 Qxe5 19. Bh4 Qa5 20. a3
a6 21. h3 h6 22. Bg3 Rxd4 23. Rxd4 Rd8 24. Rxd8+ Qxd8 25. Qc4 Qb6 26. b4 Qd8
27. a4 Nd5 28. Nxd5 Qxd5 29. Qc8+ Kh7 30. Qc7 Bf6 31. c4 Qd1+ 32. Kh2 Qxa4 33.
Qxb7 Bd4 34. Qe4+ 1-0

[Event "Northern California International"]
[Site "?"]
[Date "2012.01.04"]
[Round "4"]
[White "Mandizha, Farai"]
[Black "Meier, Georg"]
[Result "0-1"]
[WhiteElo "2404"]
[BlackElo "2671"]
[PlyCount "120"]
[SourceDate "2012.01.05"]

1. e4 c6 2. Nc3 d5 3. Nf3 Bg4 4. h3 Bxf3 5. Qxf3 e6 6. g3 Bc5 7. Bg2 Ne7 8. O-O
Nd7 9. Na4 Bd4 10. Nc3 O-O 11. Ne2 Bb6 12. d4 e5 13. exd5 Nxd5 14. Rd1 Re8 15.
c4 N5f6 16. Be3 Qe7 17. Rac1 Rad8 18. Qf5 g6 19. Qc2 exd4 20. Nxd4 Ne4 21. Bxe4
Qxe4 22. Qxe4 Rxe4 23. Kg2 Nf6 24. c5 Bc7 25. Nf3 Nd5 26. Bd4 f5 27. Kf1 h6 28.
a3 Kf7 29. Rd3 Rd7 30. Nd2 Nf4 31. gxf4 Rexd4 32. Rxd4 Rxd4 33. Nc4 Rxf4 34.
Rd1 Ke6 35. Nd6 b6 36. Nc8 bxc5 37. Nxa7 Rf3 38. Re1+ Kf6 39. Rc1 Rxh3 40. Rxc5
Be5 41. Rxc6+ Kg5 42. Nc8 f4 43. Ne7 Bf6 44. Rc5+ Kg4 45. Nxg6 Kf3 46. Kg1 Bd4
47. Ne5+ Ke4 48. Nd7 Bxc5 49. Kg2 Bxf2 50. Kxh3 Bd4 51. Nf8 f3 52. Ng6 Ke3 53.
b4 h5 54. Nh4 f2 55. Nf5+ Kf4 56. Ng3 Kf3 57. a4 Be5 58. Nf1 Ke2 59. Kg2 h4 60.
Nd2 h3+ 0-1

[Event "Northern California International"]
[Site "?"]
[Date "2012.01.04"]
[Round "4"]
[White "Manvelyan, Hayk"]
[Black "Evans, Bela"]
[Result "0-1"]
[WhiteElo "2202"]
[BlackElo "2262"]
[PlyCount "110"]
[SourceDate "2012.01.05"]

1. f4 d5 2. Nf3 g6 3. c3 Bg7 4. d3 c6 5. Qc2 Bg4 6. Nbd2 Qc7 7. h3 Bxf3 8. Nxf3
Nd7 9. Bd2 Ngf6 10. g4 e5 11. fxe5 Nxe5 12. O-O-O Nxf3 13. exf3 O-O-O 14. f4
Bf8 15. Bg2 Bd6 16. Rhf1 h6 17. c4 Rhe8 18. c5 Bf8 19. Rde1 Rxe1+ 20. Rxe1 Re8
21. Rxe8+ Nxe8 22. d4 Qe7 23. Qd3 Bg7 24. Qe3 Kd7 25. Qxe7+ Kxe7 26. Be3 Nc7
27. Kd2 Ne6 28. Kd3 Bxd4 29. b4 Bxe3 30. Kxe3 g5 31. f5 d4+ 32. Ke4 Nf4 33. Bf1
d3 34. Bxd3 Nxh3 35. Ke5 f6+ 36. Kd4 Nf4 37. Be4 h5 38. gxh5 Nxh5 39. a4 Ng3
40. Bd3 Kd7 41. Ke3 Kc7 42. Kd4 b6 43. a5 b5 44. Ke3 Kd7 45. Kf3 Nh5 46. Be4
Ng7 47. Kg4 Ne8 48. Kh5 Nc7 49. Kg6 Nd5 50. Bxd5 cxd5 51. Kxf6 g4 52. c6+ Kd6
53. c7 Kxc7 54. Ke6 Kd8 55. f6 Ke8 0-1

[Event "Northern California International"]
[Site "?"]
[Date "2012.01.04"]
[Round "4"]
[White "Margvelashvili, Giorgi"]
[Black "Sevillano, Enrico"]
[Result "1/2-1/2"]
[WhiteElo "2531"]
[BlackElo "2490"]
[PlyCount "104"]
[SourceDate "2012.01.05"]

1. c4 Nf6 2. Nf3 c6 3. d4 d5 4. cxd5 cxd5 5. Nc3 Nc6 6. Bf4 Bf5 7. e3 e6 8. Qb3
Bb4 9. Bb5 Qa5 10. O-O O-O 11. Bxc6 bxc6 12. Bc7 Qxc7 13. Qxb4 Rab8 14. Qa3
Rfc8 15. Rfc1 c5 16. dxc5 Qxc5 17. Qxc5 Rxc5 18. Na4 Ra5 19. b3 Bd3 20. Nd4 Bb5
21. Rc5 Ne4 22. Rxb5 Raxb5 23. Nxb5 Rxb5 24. Rc1 g5 25. Rc7 a5 26. f3 Nd6 27.
Nc5 g4 28. fxg4 Ne4 29. Nxe4 dxe4 30. Rc4 Rd5 31. h4 f5 32. Kh2 Kg7 33. Kg3 Rd2
34. Rc7+ Kg6 35. h5+ Kh6 36. Re7 fxg4 37. Rxe6+ Kxh5 38. Re5+ Kg6 39. Rxa5 h5
40. Ra6+ Kg5 41. Ra5+ Kg6 42. Re5 Rxa2 43. Rxe4 Kf5 44. Rb4 h4+ 45. Kxh4 Rxg2
46. Rf4+ Ke5 47. Rxg4 Re2 48. Rg3 Rb2 49. Kg4 Ke4 50. Kg5 Rxb3 51. Kg4 Rxe3 52.
Rxe3+ Kxe3 1/2-1/2

[Event "Northern California International"]
[Site "?"]
[Date "2012.01.04"]
[Round "4"]
[White "Pruess, David"]
[Black "Troff, Kayden"]
[Result "0-1"]
[WhiteElo "2395"]
[BlackElo "2257"]
[PlyCount "92"]
[SourceDate "2012.01.05"]

1. c4 Nf6 2. Nc3 e5 3. g3 Bb4 4. Bg2 O-O 5. Nf3 Re8 6. O-O e4 7. Nd4 Nc6 8. Nc2
Bxc3 9. dxc3 h6 10. Be3 d5 11. cxd5 Nxd5 12. Bd2 b5 13. Ne3 Nb6 14. Qc2 Bb7 15.
Rad1 Qe7 16. Bc1 a5 17. Qb1 a4 18. Nd5 Nxd5 19. Rxd5 Ne5 20. Rd4 c5 21. Rdd1
Nc4 22. b3 axb3 23. axb3 Nb6 24. Qc2 Bc6 25. Bb2 Qe6 26. Ra1 Bd5 27. Rxa8 Rxa8
28. b4 Ra2 29. Ra1 Rxa1+ 30. Bxa1 c4 31. Bb2 e3 32. Bc1 Bxg2 33. Kxg2 Nd5 34.
f3 Qe5 35. Bb2 g5 36. Qb1 Nb6 37. Qd1 Qd5 38. Qc2 Qd2 39. Qe4 Qxe2+ 40. Kh3
Qf1+ 41. Kg4 Qd3 42. Qe8+ Kg7 43. Qe5+ Kg6 44. f4 Qd1+ 45. Kh3 Qf1+ 46. Kg4 h5#
0-1

[Event "Northern California International"]
[Site "?"]
[Date "2012.01.04"]
[Round "4"]
[White "Remlinger, Larry"]
[Black "Shivaji, Shivkumar"]
[Result "0-1"]
[WhiteElo "2402"]
[BlackElo "2295"]
[PlyCount "90"]
[SourceDate "2012.01.05"]

1. d4 d5 2. c4 e6 3. Nc3 Be7 4. cxd5 exd5 5. Bf4 c6 6. e3 Bd6 7. Bg3 Ne7 8. Bd3
b6 9. Rc1 Ba6 10. Nge2 Bxg3 11. Nxg3 Bxd3 12. Qxd3 O-O 13. O-O f5 14. f3 Qd6
15. e4 f4 16. Nge2 Nd7 17. Rc2 Kh8 18. Qd2 Qh6 19. Rfc1 dxe4 20. Nxe4 Rac8 21.
Qb4 Nf5 22. Qa4 Nb8 23. Qxa7 Ne3 24. Qxb6 Qg6 25. N2c3 Nxc2 26. Rxc2 Nd7 27.
Qb3 Nf6 28. a3 Rfe8 29. Rc1 Rcd8 30. Qc4 h6 31. Nxf6 Qxf6 32. Rd1 Qe7 33. Ne4
Rd5 34. Qc1 Qa7 35. Nc5 Red8 36. Ne6 R8d6 37. Nxf4 Rxd4 38. Rxd4 Qxd4+ 39. Kf1
g5 40. Ne2 Qd1+ 41. Qxd1 Rxd1+ 42. Kf2 Rd2 43. b4 Ra2 44. a4 Rxa4 45. Nd4 c5
0-1

[Event "Northern California International"]
[Site "?"]
[Date "2012.01.04"]
[Round "4"]
[White "Santarius, Erik"]
[Black "Liu, Daniel"]
[Result "1-0"]
[WhiteElo "2276"]
[BlackElo "2049"]
[PlyCount "93"]
[SourceDate "2012.01.05"]

1. e4 c5 2. Nf3 g6 3. d4 cxd4 4. Qxd4 Nf6 5. e5 Nc6 6. Qa4 Nd5 7. Qb3 Nb6 8.
Bf4 Bg7 9. Nc3 d5 10. exd6 e5 11. Be3 Be6 12. Qa3 O-O 13. Rd1 Nc4 14. Bxc4 Bxc4
15. Qc5 Ba6 16. Nd5 Kh8 17. Nc7 Rc8 18. Nxa6 bxa6 19. c3 Qd7 20. O-O f5 21. Qd5
e4 22. Nd4 f4 23. Bc1 Nxd4 24. cxd4 Rce8 25. Rfe1 Rf5 26. Qc4 Qxd6 27. d5 Rd8
28. Qxe4 f3 29. gxf3 Re5 30. Qc4 Rh5 31. Bf4 Qf8 32. d6 Rf5 33. Bg3 Rf7 34. Qc6
Rfd7 35. Re6 Bf6 36. Rde1 Kg8 37. b3 Qf7 38. Qxa6 Bc3 39. R1e3 Bf6 40. Qc4 Kf8
41. Kg2 h5 42. R3e4 g5 43. h4 Kg7 44. hxg5 Bxg5 45. Qd5 Bf6 46. Qf5 h4 47. Rg4+
1-0

[Event "Northern California International"]
[Site "?"]
[Date "2012.01.04"]
[Round "4"]
[White "Sevian, Samuel"]
[Black "Kavutskiy, Konstantin"]
[Result "1-0"]
[WhiteElo "2185"]
[BlackElo "2315"]
[PlyCount "73"]
[SourceDate "2012.01.05"]

1. e4 e6 2. d4 d5 3. Nc3 Bb4 4. e5 c5 5. Bd2 Ne7 6. Nb5 Bxd2+ 7. Qxd2 O-O 8. f4
Bd7 9. dxc5 Bxb5 10. Bxb5 b6 11. c6 Nbxc6 12. Nf3 f6 13. O-O a6 14. Bd3 f5 15.
a4 Qd7 16. c3 Na5 17. Ra3 Rfc8 18. Qe2 Nc4 19. Ra2 h6 20. Rd1 Qe8 21. Nd4 Qf7
22. b3 Na5 23. Rc2 Nac6 24. Nxc6 Nxc6 25. Bxa6 Rd8 26. Bb5 Ne7 27. Qf2 Rab8 28.
h3 Kh8 29. c4 g5 30. fxg5 hxg5 31. Rcd2 Qg7 32. Qe2 Rf8 33. Qh5+ Kg8 34. Bd7
Qxe5 35. Qxg5+ Kf7 36. Qh5+ Ng6 37. Re2 1-0

[Event "Northern California International"]
[Site "?"]
[Date "2012.01.04"]
[Round "4"]
[White "Studen, Damir"]
[Black "Kleinman, Michael"]
[Result "1-0"]
[WhiteElo "2248"]
[BlackElo "2275"]
[PlyCount "137"]
[SourceDate "2012.01.05"]

1. d4 Nf6 2. c4 c5 3. e3 g6 4. Nc3 Bg7 5. Nf3 O-O 6. e4 cxd4 7. Nxd4 d6 8. Be2
Nc6 9. Be3 Nxd4 10. Bxd4 Be6 11. O-O Qa5 12. a3 Rfc8 13. Nd5 Nxd5 14. exd5 Bxd4
15. Qxd4 Bf5 16. g4 e5 17. dxe6 Bxe6 18. b4 Qa6 19. b5 Qb6 20. Rfd1 Rc5 21.
Qxd6 Bxc4 22. Qxb6 axb6 23. Bxc4 Rxc4 24. h3 Ra5 25. a4 Raxa4 26. Rxa4 Rxa4 27.
Rd6 Re4 28. Rxb6 Re7 29. Rd6 Re5 30. Rb6 Re7 31. f4 Rd7 32. Kf2 Kf8 33. Ke3 Ke7
34. g5 Kd8 35. Ke4 Kc7 36. Rf6 Re7+ 37. Kd5 Rd7+ 38. Kc5 Re7 39. h4 Rd7 40. b6+
Kc8 41. Rd6 Re7 42. Kd4 Re1 43. Rf6 Re7 44. Rd6 Re1 45. Kc5 Re4 46. Rf6 Re7 47.
h5 Kd7 48. Rd6+ Ke8 49. h6 Re4 50. Rd4 Re6 51. Ra4 Rc6+ 52. Kb5 Rc8 53. Ra7 Rb8
54. Kc5 Ke7 55. Kd5 Kd7 56. Ke5 Ke7 57. Ra1 Rc8 58. Ra5 Rc6 59. Ra8 Rxb6 60.
Rh8 Re6+ 61. Kd5 Rd6+ 62. Ke4 Rd8 63. Rxh7 Ke6 64. Rg7 b5 65. h7 Rh8 66. Kd4
Ke7 67. Ke5 b4 68. f5 gxf5 69. g6 1-0

[Event "Northern California International"]
[Site "?"]
[Date "2012.01.04"]
[Round "4"]
[White "Vasudeva, Tanuj"]
[Black "Guerrero, Alejandra"]
[Result "1/2-1/2"]
[WhiteElo "2100"]
[BlackElo "2048"]
[PlyCount "127"]
[SourceDate "2012.01.05"]

1. e4 e6 2. d4 c5 3. Nf3 cxd4 4. Nxd4 Qb6 5. Nb3 Nc6 6. c4 Nf6 7. Nc3 Bb4 8.
Bd3 d5 9. exd5 exd5 10. O-O dxc4 11. Re1+ Be7 12. Bxc4 O-O 13. Bf4 Qb4 14. Qe2
Bg4 15. Qf1 Be6 16. Bxe6 Qxf4 17. Bd5 Bb4 18. Bxc6 Bxc3 19. bxc3 bxc6 20. Re3
Ng4 21. Rg3 h5 22. h3 Ne5 23. Qe2 h4 24. Re3 Ng6 25. Re4 Qh6 26. Re1 Rad8 27.
Qc4 Qg5 28. Rg4 Qf6 29. Rge4 Rd6 30. Nc5 Rd2 31. f4 Rd5 32. Nd3 Qd6 33. Nf2 Rf5
34. Rd4 Rxf4 35. Ne4 Qc7 36. Qc5 Qb6 37. Qg5 Qb5 38. Qxb5 cxb5 39. Rb1 a6 40.
Nc5 Rc8 41. Nxa6 Rxc3 42. Rxf4 Nxf4 43. Rxb5 Rc2 44. Rg5 Rxa2 45. Nc5 f6 46.
Rg4 g5 47. Kf1 Kf7 48. g3 hxg3 49. Rxg3 Rb2 50. Nd3 Nxd3 51. Rxd3 Kg6 52. Kg1
Rc2 53. Rd5 f5 54. Rd8 f4 55. Rf8 Kg7 56. Rf5 Kh6 57. Rf8 Kg6 58. Kh1 Rc3 59.
Kg2 Rg3+ 60. Kh2 Kg7 61. Rf5 Kh6 62. h4 Rg4 63. hxg5+ Kg6 64. Rf8 1/2-1/2

[Event "Northern California International"]
[Site "?"]
[Date "2012.01.05"]
[Round "5"]
[White "Abrahamyan, Tatev"]
[Black "Friedel, Josh"]
[Result "1/2-1/2"]
[WhiteElo "2287"]
[BlackElo "2523"]
[PlyCount "22"]
[SourceDate "2012.01.05"]

1. e4 e5 2. Nf3 Nc6 3. Bc4 Bc5 4. O-O Nf6 5. d3 d6 6. c3 O-O 7. Nbd2 a6 8. Bb3
Ba7 9. h3 Ne7 10. Re1 Ng6 11. Nf1 h6 1/2-1/2

[Event "Northern California International"]
[Site "?"]
[Date "2012.01.05"]
[Round "5"]
[White "Aleskerov, Faik"]
[Black "Margvelashvili, Giorgi"]
[Result "1-0"]
[WhiteElo "2362"]
[BlackElo "2531"]
[PlyCount "79"]
[SourceDate "2012.01.05"]

1. d4 Nf6 2. Nf3 g6 3. g3 Bg7 4. Bg2 O-O 5. O-O c6 6. c4 d6 7. Nc3 Nbd7 8. b3
Rb8 9. a4 a5 10. Ba3 Qb6 11. e4 Rd8 12. Qc2 Nf8 13. h3 Qc7 14. Rad1 Ne8 15. Qd2
Qb6 16. Qc2 Ne6 17. Ne2 Qc7 18. Nf4 Nxf4 19. gxf4 b5 20. Rfe1 bxa4 21. bxa4 Nf6
22. f5 Nh5 23. Bc1 c5 24. fxg6 hxg6 25. dxc5 Qxc5 26. Rd5 Qc7 27. Bd2 Rb2 28.
Qc1 Be6 29. Rb5 Rb8 30. e5 Ra2 31. Qb1 Rxb5 32. axb5 Ra4 33. b6 Qb8 34. Nd4 Bd7
35. e6 Bxd4 36. exd7 Ra1 37. Qxa1 Bxa1 38. Rxa1 Nf6 39. Rxa5 d5 40. b7 1-0

[Event "Northern California International"]
[Site "?"]
[Date "2012.01.05"]
[Round "5"]
[White "Cornejo, Max"]
[Black "Ishkhanov, Tigran"]
[Result "0-1"]
[WhiteElo "2411"]
[BlackElo "2350"]
[PlyCount "98"]
[SourceDate "2012.01.05"]

1. e4 e6 2. d4 d5 3. e5 c5 4. c3 Nc6 5. Nf3 Bd7 6. Bd3 Rc8 7. O-O cxd4 8. cxd4
Nb4 9. Nc3 Nxd3 10. Qxd3 Ne7 11. Bg5 h6 12. Bxe7 Bxe7 13. Nd2 Qb6 14. Rab1 a6
15. f4 Bb5 16. Nxb5 Qxb5 17. Qxb5+ axb5 18. Rfc1 Kd7 19. Kf2 g5 20. g3 gxf4 21.
gxf4 Rhg8 22. Kf3 f6 23. exf6 Bxf6 24. Nb3 b6 25. Rxc8 Rxc8 26. Rf1 b4 27. Ke3
Kd6 28. Rf2 h5 29. Rg2 h4 30. Kd3 Rh8 31. h3 Rf8 32. Rg1 Ke7 33. Rg2 Kf7 34.
Rg1 Ra8 35. Nc1 Ra4 36. Rg2 b3 37. Nxb3 Rxa2 38. Rc2 Kg6 39. Nc1 Kf5 40. Ne2
Ra4 41. Rc6 b5 42. Rc3 Rc4 43. Ra3 Rc8 44. Ra5 Rg8 45. Ra1 Rg2 46. Rh1 Be7 47.
Ke3 Bd6 48. Kf3 Rg8 49. Rc1 Bxf4 0-1

[Event "Northern California International"]
[Site "?"]
[Date "2012.01.05"]
[Round "5"]
[White "Evans, Bela"]
[Black "Sarkar, Justin"]
[Result "1/2-1/2"]
[WhiteElo "2262"]
[BlackElo "2370"]
[PlyCount "105"]
[SourceDate "2012.01.05"]

1. f4 d5 2. Nf3 g6 3. g3 Bg7 4. Bg2 Nh6 5. Nc3 O-O 6. O-O c5 7. d3 d4 8. Ne4
Qc7 9. c4 b6 10. Rb1 Bb7 11. a3 Nd7 12. Ne1 Nf5 13. b4 Rab8 14. Bd2 Bc6 15. b5
Ba8 16. a4 Rbe8 17. Ra1 e5 18. a5 exf4 19. axb6 axb6 20. Bxf4 Be5 21. Nc2 Bxf4
22. Rxf4 Kg7 23. Qd2 Nd6 24. Nxd6 Qxd6 25. Bh3 f5 26. Ra7 Re7 27. Rf1 Rfe8 28.
Kf2 Nf6 29. Rfa1 Bb7 30. Bf1 Ng4+ 31. Kg1 Ne3 32. Nxe3 dxe3 33. Qc3+ Kh6 34.
Bg2 Bxg2 35. Kxg2 f4 36. Rxe7 Rxe7 37. Qh8 Rf7 38. Rf1 Rf8 39. Qa1 fxg3 40.
hxg3 Rxf1 41. Qxf1 Kg5 42. Qh1 h5 43. Qh4+ Kh6 44. Qf4+ Qxf4 45. gxf4 h4 46.
Kf3 Kh5 47. Kxe3 Kg4 48. Kf2 Kxf4 49. d4 cxd4 50. c5 Ke5 51. c6 Ke6 52. Kf3 g5
53. Kg4 1/2-1/2

[Event "Northern California International"]
[Site "?"]
[Date "2012.01.05"]
[Round "5"]
[White "Guerrero, Alejandra"]
[Black "Manvelyan, Hovik"]
[Result "1-0"]
[WhiteElo "2048"]
[BlackElo "1978"]
[PlyCount "48"]
[SourceDate "2012.01.05"]

1. e4 e6 2. d4 d5 3. Nd2 c5 4. Ngf3 cxd4 5. exd5 Qxd5 6. Bc4 Qd6 7. O-O Nf6 8.
Nb3 Nc6 9. Nbxd4 Nxd4 10. Nxd4 Qc7 11. Qe2 a6 12. Bg5 Bd6 13. Nf5 Kf8 14. Nxd6
Qxd6 15. Rad1 Qc7 16. Qd3 b5 17. Qa3+ Kg8 18. Bf4 e5 19. Bxe5 Qxe5 20. Rd8+ Ne8
21. f4 Qe4 22. Bd5 Qd4+ 23. Kh1 Bd7 24. Rxd7 Qf6 1-0

[Event "Northern California International"]
[Site "?"]
[Date "2012.01.05"]
[Round "5"]
[White "Helfst, Matt"]
[Black "Xiong, Jeffery"]
[Result "0-1"]
[WhiteElo "1943"]
[BlackElo "2097"]
[PlyCount "62"]
[SourceDate "2012.01.05"]

1. Nf3 c5 2. c4 Nc6 3. d4 cxd4 4. Nxd4 g6 5. e4 Bg7 6. Be3 Nf6 7. Nc3 d6 8. Be2
O-O 9. O-O Bd7 10. Qd2 a6 11. Rfd1 h5 12. Rac1 Rb8 13. f3 Ne5 14. b3 Kh7 15. h3
Ne8 16. f4 Nc6 17. Nf3 b6 18. e5 Rb7 19. exd6 Nxd6 20. Ng5+ Kg8 21. Bf3 Qb8 22.
Nd5 Nf5 23. Bf2 Rd8 24. Qe1 e6 25. Nc3 Rc8 26. g3 h4 27. g4 Qxf4 28. Bxh4 Bd4+
29. Kh1 Be5 30. Qf2 Nxh4 31. Ne2 Qxg5 0-1

[Event "Northern California International"]
[Site "?"]
[Date "2012.01.05"]
[Round "5"]
[White "Jayakumar, Adarsh"]
[Black "Young, Angelo"]
[Result "1-0"]
[WhiteElo "2197"]
[BlackElo "2325"]
[PlyCount "85"]
[SourceDate "2012.01.05"]

1. d4 Nf6 2. c4 g6 3. Nc3 Bg7 4. g3 O-O 5. Bg2 c6 6. Nf3 d5 7. O-O dxc4 8. a4
Na6 9. e3 Nb4 10. Ne5 Be6 11. Qe2 Qa5 12. Nxc4 Qa6 13. b3 Nfd5 14. Ne4 b6 15.
Ba3 c5 16. Rac1 cxd4 17. Ng5 Bd7 18. Qd2 b5 19. Bxb4 Nxb4 20. Qxb4 bxc4 21.
Bxa8 Rxa8 22. Qxe7 Be8 23. Rxc4 d3 24. Qe4 Rd8 25. Qh4 d2 26. Rd1 Qb6 27. Nf3
Bf6 28. Qf4 Qxb3 29. Rxd2 Qb1+ 30. Kg2 Rxd2 31. Nxd2 Qb7+ 32. Nf3 Kg7 33. e4
Bc6 34. e5 Be7 35. Rc3 Be4 36. g4 h6 37. Kg3 a5 38. e6 g5 39. Qxf7+ Kh8 40. Ne5
Bd6 41. Qxb7 Bxe5+ 42. Kh3 Bxb7 43. e7 1-0

[Event "Northern California International"]
[Site "?"]
[Date "2012.01.05"]
[Round "5"]
[White "Kavutskiy, Konstantin"]
[Black "Gurevich, Daniel"]
[Result "1/2-1/2"]
[WhiteElo "2315"]
[BlackElo "2190"]
[PlyCount "90"]
[SourceDate "2012.01.05"]

1. d4 Nf6 2. c4 g6 3. Nc3 Bg7 4. Nf3 d6 5. h3 O-O 6. Bf4 Nbd7 7. e3 b6 8. Be2
Bb7 9. O-O Re8 10. Bh2 e5 11. d5 h6 12. Qc2 Nh7 13. Nd2 f5 14. b4 Bf8 15. Nb3
Nhf6 16. g4 e4 17. gxf5 gxf5 18. Nd4 Ne5 19. Kh1 Qd7 20. Rg1+ Kh8 21. Rg2 Bc8
22. Rag1 Qf7 23. Qb2 Kh7 24. Bg3 Ng6 25. Qc2 Bd7 26. Ncb5 Rec8 27. f3 a6 28.
Nc3 Re8 29. f4 Be7 30. a4 Rg8 31. a5 bxa5 32. bxa5 Rab8 33. Nc6 Bxc6 34. dxc6
Rg7 35. Be1 Rbg8 36. Nd5 Nxd5 37. cxd5 Nh4 38. Bxh4 Rxg2 39. Rxg2 Rxg2 40. Kxg2
Bxh4 41. Qd2 Qg7+ 42. Kf1 Qg3 43. Bxa6 Qxh3+ 44. Kg1 Qg3+ 45. Kf1 Qf3+ 1/2-1/2

[Event "Northern California International"]
[Site "?"]
[Date "2012.01.05"]
[Round "5"]
[White "Kleinman, Michael"]
[Black "Haessel, Dale"]
[Result "1-0"]
[WhiteElo "2275"]
[BlackElo "2190"]
[PlyCount "107"]
[SourceDate "2012.01.05"]

1. e4 e5 2. Nf3 Nf6 3. Nxe5 d6 4. Nf3 Nxe4 5. d4 d5 6. Bd3 Bd6 7. O-O O-O 8. c4
c6 9. cxd5 cxd5 10. Nc3 Nxc3 11. bxc3 Bg4 12. Rb1 Nd7 13. h3 Bh5 14. Rb5 Nb6
15. c4 Bxf3 16. Qxf3 dxc4 17. Bc2 Qc7 18. a4 a6 19. Rb1 Rab8 20. Bd2 Nc8 21. a5
Na7 22. Ba4 Nc6 23. Bxc6 bxc6 24. Qc3 Rxb1 25. Rxb1 Rb8 26. Re1 h6 27. Qxc4 Qb7
28. g3 Qb5 29. Rc1 Rc8 30. Qxb5 axb5 31. a6 Ba3 32. Rc2 b4 33. Ra2 Ra8 34. a7
f6 35. Kg2 Kf7 36. Kf3 Ke6 37. Ke4 f5+ 38. Kd3 Kd5 39. h4 g6 40. Bxh6 Rxa7 41.
Bf8 Rf7 42. Bc5 Ke6 43. Re2+ Kf6 44. d5 Rd7 45. d6 Kf7 46. Kc4 Rb7 47. Re1 Rd7
48. Re2 Rb7 49. f3 Rd7 50. Re1 Rb7 51. Kb3 Rd7 52. Ka2 Rb7 53. Kb1 Rd7 54. Re7+
1-0

[Event "Northern California International"]
[Site "?"]
[Date "2012.01.05"]
[Round "5"]
[White "Macieja, Bartlomiej"]
[Black "Byambaa, Uyanga"]
[Result "1-0"]
[WhiteElo "2617"]
[BlackElo "2118"]
[PlyCount "49"]
[SourceDate "2012.01.05"]

1. e4 c5 2. Nf3 d6 3. d4 cxd4 4. Qxd4 a6 5. c4 Nc6 6. Qe3 Nf6 7. h3 g6 8. Be2
Bg7 9. O-O O-O 10. Nc3 Nb4 11. Rb1 Be6 12. a3 Nc6 13. Rd1 Qb8 14. b4 Nd7 15.
Nd5 f5 16. Ng5 f4 17. Nxf4 Bf7 18. Nfe6 Nde5 19. f4 Bxe6 20. Nxe6 Bh6 21. Nxf8
Qxf8 22. c5 Rd8 23. Qb3+ Nf7 24. Bc4 Bg7 25. Bb2 1-0

[Event "Northern California International"]
[Site "?"]
[Date "2012.01.05"]
[Round "5"]
[White "Meier, Georg"]
[Black "Shahade, Greg"]
[Result "1/2-1/2"]
[WhiteElo "2671"]
[BlackElo "2463"]
[PlyCount "79"]
[SourceDate "2012.01.05"]

1. Nf3 c5 2. c4 g6 3. d4 cxd4 4. Nxd4 Nc6 5. e4 Nf6 6. Nc3 d6 7. Nc2 Bg7 8. Be2
O-O 9. O-O Nd7 10. Bd2 a5 11. Na3 Nc5 12. Nab5 Nd4 13. Nxd4 Bxd4 14. Qc2 Bg7
15. Rad1 Bd7 16. Be3 b6 17. f3 Bc6 18. b3 e6 19. Rf2 Qf6 20. Rxd6 Rfc8 21. Nd1
Nb7 22. Rd2 b5 23. cxb5 Bxb5 24. Qb1 Be8 25. f4 Qe7 26. e5 Bf8 27. Nb2 a4 28.
Nxa4 Qa3 29. Nb2 Qxa2 30. Qxa2 Rxa2 31. Nc4 Rxd2 32. Nxd2 Na5 33. g4 Nxb3 34.
Ne4 Be7 35. Bf3 Rd8 36. Ra2 Nd4 37. Bg2 Bc6 38. Ra7 Bxe4 39. Rxe7 Ne2+ 40. Kf2
1/2-1/2

[Event "Northern California International"]
[Site "?"]
[Date "2012.01.05"]
[Round "5"]
[White "Ramirez, Alejandro"]
[Black "Arnold, Marc"]
[Result "1/2-1/2"]
[WhiteElo "2594"]
[BlackElo "2482"]
[PlyCount "140"]
[SourceDate "2012.01.05"]

1. d4 Nf6 2. c4 e6 3. g3 d5 4. Nf3 Bb4+ 5. Bd2 Be7 6. Bg2 O-O 7. O-O c6 8. Qc2
b6 9. Bf4 Nbd7 10. Rd1 Bb7 11. Nc3 dxc4 12. Nd2 Nd5 13. Nxc4 Nxf4 14. gxf4 Qc7
15. e3 c5 16. d5 exd5 17. Nxd5 Bxd5 18. Bxd5 Rad8 19. Bf3 b5 20. Nd2 Nb6 21.
Nb3 a6 22. Nd4 Rd7 23. Nf5 Rxd1+ 24. Rxd1 g6 25. Nxe7+ Qxe7 26. Qe4 Qxe4 27.
Bxe4 a5 28. Rd6 Rb8 29. Rc6 Na4 30. Bd5 c4 31. b3 Nc3 32. bxc4 b4 33. Rc7 Nxd5
34. cxd5 a4 35. d6 Rd8 36. Rc4 b3 37. Rxa4 bxa2 38. Rxa2 Rxd6 39. Ra5 Kg7 40.
Kg2 Rd2 41. Kg3 Rb2 42. h4 Rb1 43. Kg2 Rb2 44. e4 Rb4 45. f3 Rb2+ 46. Kg3 Rb1
47. Ra2 Re1 48. e5 Kg8 49. Ra5 Kg7 50. Rb5 Rh1 51. Rb7 Kg8 52. f5 gxf5 53. Rb6
Re1 54. Kf4 Rh1 55. Kg5 Kg7 56. Rb7 h6+ 57. Kxf5 Rxh4 58. f4 Kg8 59. Rb1 Kf8
60. Ra1 Ke7 61. Ra7+ Kf8 62. Rb7 Kg8 63. Rb1 Kf8 64. Rg1 Ke7 65. Rg8 Rh5+ 66.
Ke4 Rh1 67. Rh8 Re1+ 68. Kf5 Rh1 69. Rh7 Rh5+ 70. Kg4 Rh1 1/2-1/2